Dynamics, Control,and Flying Qualities of V/STOL Aircraft (Record no. 24554)
[ view plain ]
| 000 -LEADER | |
|---|---|
| fixed length control field | 00926nam a22002417a 4500 |
| 003 - CONTROL NUMBER IDENTIFIER | |
| control field | NUST |
| 005 - DATE AND TIME OF LATEST TRANSACTION | |
| control field | 20240819121801.0 |
| 008 - FIXED-LENGTH DATA ELEMENTS--GENERAL INFORMATION | |
| fixed length control field | 140613b xxu||||| |||| 00| 0 eng d |
| 010 ## - LIBRARY OF CONGRESS CONTROL NUMBER | |
| LC control number | 2002015061 |
| 020 ## - INTERNATIONAL STANDARD BOOK NUMBER | |
| Terms of availability | Available |
| International Standard Book Number | 1563475758 |
| 040 ## - CATALOGING SOURCE | |
| Original cataloging agency | DLC |
| Language of cataloging | DLC |
| Transcribing agency | RCMS |
| 082 ## - DEWEY DECIMAL CLASSIFICATION NUMBER | |
| Classification number | 629.13335 FRA |
| 100 ## - MAIN ENTRY--PERSONAL NAME | |
| Personal name | James A Franklin |
| 9 (RLIN) | 1797 |
| 245 ## - TITLE STATEMENT | |
| Title | Dynamics, Control,and Flying Qualities of V/STOL Aircraft |
| Statement of responsibility, etc. | Franklin James A |
| 260 ## - PUBLICATION, DISTRIBUTION, ETC. | |
| Place of publication, distribution, etc. | USA |
| Name of publisher, distributor, etc. | American Institute of Aerobatics and Astronautics,Inc,Reston ,Virginia |
| Date of publication, distribution, etc. | c2002 |
| 300 ## - PHYSICAL DESCRIPTION | |
| Extent | xvi,210,p: |
| Other physical details | ill: |
| Dimensions | 22,cm. |
| 440 ## - SERIES STATEMENT/ADDED ENTRY--TITLE | |
| Title | AIAA Education Series |
| 9 (RLIN) | 1422 |
| 500 ## - GENERAL NOTE | |
| General note | Includes bibliographical references and index |
| 538 ## - SYSTEM DETAILS NOTE | |
| Display text | Shelf No 1 Row No 2 |
| 650 ## - SUBJECT ADDED ENTRY--TOPICAL TERM | |
| Topical term or geographic name entry element | 1.Vertically rising aircraft.2.Short take-off and landing aircraft.3.Airplanes ----- Handling Characteristics 4. Airplanes ----- Control systems. |
| 9 (RLIN) | 1798 |
| 856 ## - ELECTRONIC LOCATION AND ACCESS | |
| Materials specified | Table of Content Only |
| 942 ## - ADDED ENTRY ELEMENTS (KOHA) | |
| Source of classification or shelving scheme | |
| Koha item type | Book |
| Withdrawn status | Lost status | Source of classification or shelving scheme | Damaged status | Not for loan | Permanent Location | Current Location | Shelving location | Date acquired | Total Checkouts | Full call number | Barcode | Checked out | Date last seen | Date last checked out | Price effective from | Koha item type |
|---|---|---|---|---|---|---|---|---|---|---|---|---|---|---|---|---|
| Central Library (CL) | Central Library (CL) | General Stacks | 06/13/2014 | 1 | 629.13335 FRA | RCMS002321 | 05/30/2026 | 04/30/2026 | 04/30/2026 | 06/13/2014 | Book | |||||
| Central Library (CL) | Central Library (CL) | General Stacks | 06/01/2017 | 629.13335 FRA | RCMS002631 | 06/01/2017 | 06/01/2017 | Book |
